Countries by Population Increase: 2100 - Statistics

General Stats
  • This quiz has been taken 714 times
  • The average score is 15 of 20
Answer Stats
Population Increase Country % Correct
333,214,000 India
97%
190,695,400 Niger
95%
563,784,360 Nigeria
94%
125,239,037 United States
89%
306,490,000 Democratic Republic of the Congo
88%
162,287,460 Pakistan
86%
107,307,000 Egypt
83%
140,269,956 Ethiopia
83%
247,313,000 Tanzania
82%
110,194,448 Kenya
80%
87,093,000 Sudan
76%
164,994,747 Uganda
76%
112,948,976 Angola
74%
102,955,856 Mozambique
70%
78,463,824 Mali
67%
125,758,975 Iraq
61%
88,657,000 Zambia
61%
81,068,675 Madagascar
51%
70,649,000 Malawi
47%
77,413,576 Côte d'Ivoire
46%
No matching quizzes found
Score Distribution
Percent of People with Each Score
Percentile by Number Answered
Your Score History
You have not taken this quiz